Online Catalogue and eLibrary

Indian women's battle for freedom / (Record no. 104)

MARC details
000 -LEADER
fixed length control field 00546cam a2200205 a 4500
001 - CONTROL NUMBER
control field 1404322
005 - DATE AND TIME OF LATEST TRANSACTION
control field 20231130052400.0
008 - FIXED-LENGTH DATA ELEMENTS--GENERAL INFORMATION
fixed length control field 830602s1982 ii 001 0 eng
040 ## - CATALOGING SOURCE (பட்டியலாக்க மூலம்)
Original cataloging agency DLC
Transcribing agency DLC
Modifying agency DLC
082 00 - DDC Classification
Class No. 305.4/2/0954
DDC Edition Number 19
Item Number - Author Mark KAM.
100 1# - MAIN ENTRY--PERSONAL NAME
Personal name Chattopadhyaya, Kamaladevi,
245 10 - TITLE STATEMENT
Title Indian women's battle for freedom /
Statement of responsibility, etc. Kamaladevi Chattopadhayay.
250 ## - EDITION STATEMENT
Edition statement 1st
260 ## - PUBLICATION, DISTRIBUTION, ETC.
Place of publication, distribution, etc. New Delhi :
Name of publisher, distributor, etc. Abhinav,
Date of publication, distribution, etc. 1983 , 1982
300 ## - PHYSICAL DESCRIPTION
Extent (e.g. Volumes, Pages etc.) 134 p. ;
500 ## - GENERAL NOTE
General note Includes index.
650 #0 - SUBJECT ADDED ENTRY--TOPICAL TERM
Topical term or geographic name entry element Women's rights
650 #0 - SUBJECT ADDED ENTRY--TOPICAL TERM
Topical term or geographic name entry element Women
942 ## - Koha item type (Biblio)
Koha item type Books in Stacks (Lending)
Holdings
Lost status Damaged status Collection code Home library Current library Date acquired Full call number Accession Number Item type
    Lending WERC Library WERC Library 11/30/2023 305.4/2/0954 KAM. 3545 Books in Stacks (Lending)

© WERC Library